[Event "DVM U16 2009"]
[Site "Verden/Aller GER"]
[Date "2009.12.29"]
[Round "5"]
[White "Düssler, Stefanie"]
[Black "Bochis, Julia"]
[Result "1/2-1/2"]
[Termination "normal"]
[Board "2.3"]
[WhiteElo "1784"]
[BlackElo "2077"]
[WhiteTeam "SG Oesede-Georgsmarienhütte"]
[BlackTeam "OSG Baden-Baden"]
[PlyCount "144"]
[WhiteFideId "4634780"]
[BlackFideId "24647276"]
[EventCountry "GER"]
[EventRounds "7"]
[EventType "team-swiss"]
[EventDate "2009.12.26"]

1. e4 c5 2. Nc3 Nc6 3. f4 g6 4. Nf3 Bg7 5. Bc4 e6 6. O-O Nge7 7. d3 d5 8. Bb3
O-O 9. Qe1 Nd4 10. Nxd4 cxd4 11. Nd1 a5 12. a4 dxe4 13. dxe4 Qc7 14. Nf2 b6 15.
Nd3 Bb7 16. Qe2 Rfe8 17. Bd2 Nc8 18. Rfe1 Nd6 19. Nf2 Ba6 20. Qf3 Nc4 21. Bxc4
Qxc4 22. Qd3 Qc7 23. Qb3 Rab8 24. Rac1 b5 25. Kh1 Qc6 26. axb5 Bxb5 27. Qf3 a4
28. c3 d3 29. Nxd3 Bxd3 30. Qxd3 Rxb2 31. Rb1 Rxb1 32. Rxb1 Ra8 33. Ra1 a3 34.
Ra2 Qc5 35. Be3 Qxc3 36. Qxc3 Bxc3 37. Bc5 Bb2 38. Kg1 Ra4 39. g3 Rxe4 40. Bxa3
Bxa3 41. Rxa3 Re2 42. Ra5 Kg7 43. Rb5 Kf6 44. Ra5 h6 45. h4 Rd2 46. Rb5 Kg7 47.
Ra5 Kf6 48. Rb5 Rd5 49. Rb2 g5 50. hxg5+ hxg5 51. Kf2 g4 52. Rb3 Kg6 53. Rb8
Kf5 54. Ke2 Ra5 55. Rb2 f6 56. Kf2 Ra4 57. Rc2 Ke4 58. Re2+ Kd5 59. Rd2+ Rd4
60. Ra2 Rd3 61. Ra6 Rd2+ 62. Kf1 f5 63. Ra4 Rd4 64. Ra6 Ke4 65. Ke2 Kd5 66. Ra1
Rb4 67. Rd1+ Ke4 68. Rd2 Rb3 69. Kf2 Rf3+ 70. Kg2 Ke3 71. Ra2 Kd3 72. Rb2 Ke3
1/2-1/2

[Event "DVM U16 2009"]
[Site "Verden/Aller GER"]
[Date "2009.12.29"]
[Round "5"]
[White "Gölgeci, Oguz"]
[Black "Fischer, Marvin"]
[Result "1-0"]
[Termination "normal"]
[Board "2.4"]
[WhiteElo "1861"]
[BlackElo "1438"]
[WhiteTeam "OSG Baden-Baden"]
[BlackTeam "SG Oesede-Georgsmarienhütte"]
[PlyCount "67"]
[WhiteFideId "12910120"]
[BlackFideId "12910082"]
[EventCountry "GER"]
[EventRounds "7"]
[EventType "team-swiss"]
[EventDate "2009.12.26"]

1. e4 e5 2. Bc4 Nf6 3. d3 Nc6 4. Nc3 Na5 5. Nge2 Nxc4 6. dxc4 Bc5 7. O-O d6 8.
h3 Be6 9. b3 Nd7 10. Na4 O-O 11. Nxc5 Nxc5 12. Ng3 Qd7 13. f4 f5 14. exf5 Bxf5
15. Ba3 exf4 16. Rxf4 Qe6 17. Qd2 Rae8 18. Raf1 Bg6 19. Rxf8+ Rxf8 20. Rxf8+
Kxf8 21. Bxc5 dxc5 22. Qd8+ Qe8 23. Qxc7 Bxc2 24. Qxc5+ Kg8 25. Qxa7 Qe1+ 26.
Kh2 Qd2 27. Qb8+ Kf7 28. Qxb7+ Kg6 29. c5 Bd1 30. Qe4+ Kf7 31. Qxh7 Qxa2 32.
Qf5+ Ke7 33. Qe5+ Kd8 34. Qd6+ 1-0

[Event "DVM U16 2009"]
[Site "Verden/Aller GER"]
[Date "2009.12.29"]
[Round "5"]
[White "Butschek, Marc"]
[Black "Marx, Joschka"]
[Result "0-1"]
[Termination "normal"]
[Board "3.1"]
[WhiteElo "1840"]
[BlackElo "2020"]
[WhiteTeam "Schachgesellschaft Bochum 31"]
[BlackTeam "Segeberger SF"]
[PlyCount "88"]
[WhiteFideId "4630904"]
[BlackFideId "24645869"]
[EventCountry "GER"]
[EventRounds "7"]
[EventType "team-swiss"]
[EventDate "2009.12.26"]

1. e4 c6 2. c4 g6 3. d4 Bg7 4. Nf3 d6 5. Nc3 Nd7 6. Be3 e5 7. Be2 Ngf6 8. dxe5
dxe5 9. Qd6 Qe7 10. Qxe7+ Kxe7 11. h3 Ne8 12. g4 Nc7 13. O-O-O Ne6 14. Rhe1 h5
15. gxh5 Rxh5 16. h4 Bh6 17. Rh1 Bxe3+ 18. fxe3 f6 19. Rdg1 Ndf8 20. Ne1 Rh7
21. Nd3 Bd7 22. Rf1 Rd8 23. Kc2 Be8 24. b4 Nd7 25. a3 Bf7 26. Ne1 Rdh8 27. Ng2
g5 28. Rh3 Ndf8 29. Rfh1 Ng6 30. h5 Ngf8 31. h6 Nd8 32. Bg4 Bxc4 33. Bf5 Be6
34. Bxh7 Bxh3 35. Rxh3 Rxh7 36. Ne2 Nf7 37. Ng3 Nd6 38. Kd3 Ne6 39. Ne1 Nd8 40.
Ke2 N8f7 41. Rh2 Rxh6 42. Rf2 Rh3 43. Nf1 Nxe4 44. Rg2 Nfd6 0-1

[Event "DVM U16 2009"]
[Site "Verden/Aller GER"]
[Date "2009.12.29"]
[Round "5"]
[White "Neitzel, Mirko"]
[Black "Benning, Robert"]
[Result "1-0"]
[Termination "normal"]
[Board "3.4"]
[WhiteElo "1873"]
[BlackElo "1316"]
[WhiteTeam "Segeberger SF"]
[BlackTeam "Schachgesellschaft Bochum 31"]
[PlyCount "43"]
[WhiteFideId "24657298"]
[BlackFideId "1271707"]
[EventCountry "GER"]
[EventRounds "7"]
[EventType "team-swiss"]
[EventDate "2009.12.26"]

1. e4 d5 2. exd5 Nf6 3. d4 Nxd5 4. Nf3 Bg4 5. Be2 e6 6. O-O Nd7 7. h3 Bh5 8. c4
N5f6 9. Nc3 c5 10. d5 exd5 11. Nxd5 Nb6 12. Nf4 Bxf3 13. Bxf3 Qc7 14. Re1+ Be7
15. Qe2 Nc8 16. Bg4 Nxg4 17. Qxg4 O-O 18. Nd5 Qd8 19. Bh6 Bf6 20. Rad1 Nd6 21.
Nxf6+ Kh8 22. Bxg7# 1-0

[Event "DVM U16 2009"]
[Site "Verden/Aller GER"]
[Date "2009.12.29"]
[Round "5"]
[White "Horbach, Fabian"]
[Black "Stahnecker, Ludwig"]
[Result "0-1"]
[Termination "normal"]
[Board "4.1"]
[WhiteElo "1786"]
[BlackElo "1989"]
[WhiteTeam "SV 1949 Herzogenrath"]
[BlackTeam "VfR-SC Koblenz"]
[PlyCount "68"]
[WhiteFideId "12910139"]
[BlackFideId "24692026"]
[EventCountry "GER"]
[EventRounds "7"]
[EventType "team-swiss"]
[EventDate "2009.12.26"]

1. d4 d5 2. Nf3 Nf6 3. e3 c6 4. Nbd2 Bg4 5. h3 Bh5 6. g4 Bg6 7. Ne5 Nfd7 8.
Nxg6 hxg6 9. Bg2 e6 10. Qe2 c5 11. c3 Nc6 12. O-O Be7 13. f4 g5 14. Qf2 gxf4
15. Qxf4 O-O 16. Qg3 Nb6 17. Nf3 Bd6 18. Qf2 Qc7 19. dxc5 Bxc5 20. Qh4 f6 21.
g5 Qf7 22. Nd4 f5 23. Kh1 g6 24. Qg3 Qe7 25. h4 Bd6 26. Qh3 Kg7 27. Bd2 Nc4 28.
Bc1 Rh8 29. b3 Rxh4 30. Qxh4 Rh8 31. Qxh8+ Kxh8 32. bxc4 Qh7+ 33. Kg1 Qh2+ 34.
Kf2 Bg3+ 0-1

[Event "DVM U16 2009"]
[Site "Verden/Aller GER"]
[Date "2009.12.29"]
[Round "5"]
[White "Stahnecker, Wieland"]
[Black "Schreyer, Erik"]
[Result "1-0"]
[Termination "normal"]
[Board "4.2"]
[WhiteElo "2040"]
[BlackElo "1821"]
[WhiteTeam "VfR-SC Koblenz"]
[BlackTeam "SV 1949 Herzogenrath"]
[PlyCount "63"]
[WhiteFideId "4694481"]
[BlackFideId "24603210"]
[EventCountry "GER"]
[EventRounds "7"]
[EventType "team-swiss"]
[EventDate "2009.12.26"]

1. e4 d5 2. exd5 Qxd5 3. Nc3 Qa5 4. d4 Nf6 5. Bc4 Bg4 6. Nf3 e6 7. h3 Qh5 8.
Be2 Nc6 9. O-O Bxf3 10. Bxf3 Qg6 11. Nb5 O-O-O 12. c3 Nd5 13. Qb3 f6 14. Re1
Qf7 15. c4 Nb6 16. Bxc6 bxc6 17. Nxa7+ Kb7 18. c5 Kxa7 19. cxb6+ cxb6 20. Be3
Rd5 21. a4 Qc7 22. Qc3 Bd6 23. b4 e5 24. a5 Kb7 25. axb6 Qxb6 26. dxe5 Bxe5 27.
Qa3 Qb5 28. Qa7+ Kc8 29. Qa8+ Kd7 30. Ra7+ Ke6 31. Qxh8 Qxb4 32. Qc8+ 1-0

[Event "DVM U16 2009"]
[Site "Verden/Aller GER"]
[Date "2009.12.29"]
[Round "5"]
[White "Jerinic, Milan"]
[Black "Vossen, Daniel"]
[Result "1-0"]
[Termination "normal"]
[Board "4.3"]
[WhiteElo "1552"]
[BlackElo "1752"]
[WhiteTeam "SV 1949 Herzogenrath"]
[BlackTeam "VfR-SC Koblenz"]
[PlyCount "91"]
[EventCountry "GER"]
[EventRounds "7"]
[EventType "team-swiss"]
[EventDate "2009.12.26"]

1. d4 c5 2. d5 e5 3. c4 d6 4. Nc3 Be7 5. e4 Nf6 6. Be2 O-O 7. Nf3 Ne8 8. O-O f5
9. Ne1 f4 10. Nd3 g5 11. b4 b6 12. Bg4 Ng7 13. h3 Nd7 14. Bd2 Qe8 15. Nb5 Qd8
16. a4 a6 17. Nc3 Qe8 18. a5 cxb4 19. Nxb4 bxa5 20. Rxa5 Nc5 21. Bxc8 Qxc8 22.
Nc6 Bd8 23. Ra3 Rf7 24. f3 Nh5 25. Qc2 Ng3 26. Rfa1 h5 27. Na4 Nb7 28. Be1 g4
29. fxg4 Rg7 30. Nxd8 Qxd8 31. Bxg3 fxg3 32. gxh5 Qg5 33. Qe2 Rf8 34. Rf3 Rf4
35. Rxf4 exf4 36. Qf3 Qf6 37. Rd1 Qe5 38. Qd3 Rc7 39. Qe2 Qe8 40. Nb6 Nc5 41.
Qg4+ Kh8 42. Qxf4 Qxh5 43. Rf1 Qg6 44. e5 dxe5 45. Qxe5+ Rg7 46. d6 1-0

[Event "DVM U16 2009"]
[Site "Verden/Aller GER"]
[Date "2009.12.29"]
[Round "5"]
[White "Lauer, Florian"]
[Black "Palmen, Niklas"]
[Result "1-0"]
[Termination "normal"]
[Board "4.4"]
[WhiteElo "1678"]
[BlackElo "1615"]
[WhiteTeam "VfR-SC Koblenz"]
[BlackTeam "SV 1949 Herzogenrath"]
[PlyCount "75"]
[WhiteFideId "12910074"]
[EventCountry "GER"]
[EventRounds "7"]
[EventType "team-swiss"]
[EventDate "2009.12.26"]

1. e4 d6 2. d4 Nf6 3. Nc3 g6 4. Be3 Bg7 5. Qd2 c6 6. f4 O-O 7. Nf3 Nbd7 8. h3
b5 9. Bd3 Nb6 10. b3 h5 11. f5 gxf5 12. exf5 Nbd5 13. Nxd5 Nxd5 14. Bh6 e6 15.
Bxg7 Kxg7 16. fxe6 fxe6 17. O-O-O Qf6 18. g4 Nf4 19. gxh5 Nxd3+ 20. Qxd3 Qf5
21. Rhg1+ Kh8 22. Ng5 Qxd3 23. Rxd3 Bd7 24. Ne4 Rf5 25. h6 Raf8 26. Rg7 R8f7
27. Rdg3 Rxg7 28. Rxg7 Be8 29. Nxd6 Rf1+ 30. Kb2 Bh5 31. Rxa7 Rf4 32. c3 b4 33.
cxb4 Rxd4 34. Nc4 Bf3 35. a4 Rh4 36. a5 Be2 37. a6 e5 38. Re7 1-0

[Event "DVM U16 2009"]
[Site "Verden/Aller GER"]
[Date "2009.12.29"]
[Round "5"]
[White "Raider, Eugen"]
[Black "Weißbeck, Simon"]
[Result "1-0"]
[Termination "normal"]
[Board "5.1"]
[WhiteElo "1871"]
[BlackElo "1992"]
[WhiteTeam "Königsspringer SC 1984"]
[BlackTeam "Heilbronner Schachverein"]
[PlyCount "83"]
[WhiteFideId "24657352"]
[BlackFideId "24646865"]
[EventCountry "GER"]
[EventRounds "7"]
[EventType "team-swiss"]
[EventDate "2009.12.26"]

1. Nc3 Nf6 2. e4 d5 3. e5 Nfd7 4. Nxd5 Nxe5 5. Ne3 c5 6. b4 Nbc6 7. bxc5 Qd4 8.
c3 Nd3+ 9. Bxd3 Qxd3 10. Qe2 Ne5 11. f4 Qxe2+ 12. Kxe2 Ng6 13. g3 h5 14. f5 Ne5
15. d4 Ng4 16. Nd5 Kd8 17. Bf4 Bxf5 18. Ne3 Nxe3 19. Kxe3 f6 20. Ke2 g5 21. Be3
Be4 22. Nh3 Bxh1 23. Rxh1 Kc7 24. d5 e5 25. Rf1 Bg7 26. Nxg5 fxg5 27. Rf7+ Kc8
28. Rxg7 g4 29. Bg5 a6 30. d6 Kb8 31. c6 bxc6 32. d7 Ra7 33. Re7 Ra8 34. Rg7
Ra7 35. d8=Q+ Rxd8 36. Rxa7 Rd2+ 37. Kxd2 Kxa7 38. Be3+ Kb7 39. Kd3 Kc7 40. Bc5
Kd7 41. Ke4 Ke6 42. c4 1-0

[Event "DVM U16 2009"]
[Site "Verden/Aller GER"]
[Date "2009.12.29"]
[Round "5"]
[White "Zuferi, Enis"]
[Black "Stanau, Guido"]
[Result "1/2-1/2"]
[Termination "normal"]
[Board "5.2"]
[WhiteElo "1846"]
[BlackElo "2006"]
[WhiteTeam "Heilbronner Schachverein"]
[BlackTeam "Königsspringer SC 1984"]
[PlyCount "116"]
[WhiteFideId "24692530"]
[BlackFideId "24692255"]
[EventCountry "GER"]
[EventRounds "7"]
[EventType "team-swiss"]
[EventDate "2009.12.26"]

1. Nf3 Nf6 2. d4 g6 3. c4 Bg7 4. Nc3 O-O 5. e4 d6 6. Be3 e5 7. dxe5 dxe5 8.
Qxd8 Rxd8 9. Nd5 Na6 10. Rd1 Be6 11. Bg5 Bxd5 12. exd5 h6 13. Bxf6 Bxf6 14. Be2
e4 15. Nd2 Re8 16. O-O Bxb2 17. Nb3 Ba3 18. Rb1 Bc5 19. Rfd1 Bb6 20. Rdc1 Bc5
21. Rd1 b6 22. Nxc5 Nxc5 23. h4 f5 24. d6 c6 25. d7 Red8 26. Rd6 Kg7 27. Rbd1
a5 28. h5 g5 29. Rxc6 Rxd7 30. Rxd7+ Nxd7 31. Rc7 Rd8 32. c5 Kf8 33. cxb6 Nxb6
34. Rc6 Nd5 35. Rxh6 Nf4 36. Rh8+ Ke7 37. Rxd8 Kxd8 38. Kf1 Ke7 39. g3 Nd5 40.
Ke1 Kf6 41. Kd2 f4 42. g4 Nb4 43. a3 Nc6 44. Kc3 f3 45. Ba6 Ne5 46. Kd4 Nxg4
47. Kxe4 Nxf2+ 48. Kxf3 Nd1 49. Ke2 Nc3+ 50. Kd3 Nd5 51. Kc4 Ne3+ 52. Kb5 a4
53. h6 Nc2 54. Kxa4 Nxa3 55. Bd3 g4 56. Kxa3 g3 57. Be4 g2 58. Bxg2 Kg6 1/2-1/2

[Event "DVM U16 2009"]
[Site "Verden/Aller GER"]
[Date "2009.12.29"]
[Round "5"]
[White "Steinfeldt, Henry"]
[Black "Wenninger, Philipp"]
[Result "0-1"]
[Termination "normal"]
[Board "5.3"]
[WhiteElo "1796"]
[BlackElo "1988"]
[WhiteTeam "Königsspringer SC 1984"]
[BlackTeam "Heilbronner Schachverein"]
[PlyCount "110"]
[WhiteFideId "24697176"]
[BlackFideId "4648404"]
[EventCountry "GER"]
[EventRounds "7"]
[EventType "team-swiss"]
[EventDate "2009.12.26"]

1. e4 c6 2. d4 d5 3. exd5 cxd5 4. Bd3 Nf6 5. c3 Nc6 6. Bf4 e6 7. Nf3 Qb6 8. b3
Bd7 9. Nbd2 Rc8 10. Rc1 Be7 11. h3 a5 12. g4 Ba3 13. Rc2 Na7 14. Nb1 Bd6 15.
Ne5 Bb5 16. Bh2 a4 17. b4 Nd7 18. f4 f6 19. Nxd7 Kxd7 20. O-O h5 21. g5 f5 22.
h4 g6 23. Bg3 Rc6 24. a3 Rhc8 25. Kh2 Bxd3 26. Qxd3 Qb5 27. Rf3 Qxd3 28. Rxd3
Nb5 29. Kg2 Rc4 30. Bf2 Bxf4 31. Kf3 Bd6 32. Be3 Bf8 33. Ke2 Bg7 34. Kd2 Nd6
35. Kc1 Ne4 36. Kb2 Kd6 37. Nd2 Nxd2 38. Rcxd2 e5 39. dxe5+ Bxe5 40. Bd4 Bxd4
41. Rxd4 Rxd4 42. cxd4 Re8 43. Rc2 Re4 44. Rc8 Rxd4 45. Rg8 Rxh4 46. Rxg6+ Ke5
47. Rh6 d4 48. b5 Rh2+ 49. Kc1 f4 50. Rh7 f3 51. Rf7 f2 52. Kd1 Rh1+ 53. Ke2
f1=Q+ 54. Rxf1 Rxf1 55. Kxf1 Kf5 0-1

[Event "DVM U16 2009"]
[Site "Verden/Aller GER"]
[Date "2009.12.29"]
[Round "5"]
[White "Usov, Andreas"]
[Black "Hort, Max"]
[Result "0-1"]
[Termination "normal"]
[Board "5.4"]
[WhiteElo "1472"]
[BlackElo "1850"]
[WhiteTeam "Heilbronner Schachverein"]
[BlackTeam "Königsspringer SC 1984"]
[PlyCount "91"]
[WhiteFideId "24601713"]
[BlackFideId "24600849"]
[EventCountry "GER"]
[EventRounds "7"]
[EventType "team-swiss"]
[EventDate "2009.12.26"]

1. e4 e6 2. d4 d5 3. e5 c5 4. c3 Nc6 5. Nf3 Bd7 6. Bd3 Qb6 7. Bc2 cxd4 8. cxd4
f6 9. Nc3 Nge7 10. O-O Ng6 11. Bxg6+ hxg6 12. a3 g5 13. h3 Na5 14. b4 Nc4 15.
Re1 O-O-O 16. Qd3 Be8 17. Nd2 Nxd2 18. Bxd2 Rh4 19. Rac1 Kb8 20. Qg3 Ka8 21.
Be3 Rh5 22. Ne2 Be7 23. f4 Bg6 24. fxg5 fxg5 25. Nf4 gxf4 26. Qxg6 Rh6 27. Qxg7
Bf8 28. Qd7 Kb8 29. Qf7 fxe3 30. Rxe3 Rh8 31. Rd3 Bh6 32. Rc5 Rc8 33. Qf6 Rcf8
34. Qe7 Re8 35. Qf6 Qd8 36. Qg6 Qg5 37. Qf7 Re7 38. Qf2 Rf8 39. Qc2 Qf4 40. Qe2
Ref7 41. Rdc3 Qf1+ 42. Qxf1 Rxf1+ 43. Kh2 Bf4+ 44. g3 Bd2 45. h4 Bxc3 46. Rxc3
0-1

[Event "DVM U16 2009"]
[Site "Verden/Aller GER"]
[Date "2009.12.29"]
[Round "5"]
[White "Konow, Philipp"]
[Black "Zarafat, Daniel"]
[Result "0-1"]
[Termination "normal"]
[Board "6.1"]
[WhiteElo "1864"]
[BlackElo "1831"]
[WhiteTeam "Stader Schachverein"]
[BlackTeam "SC Noris-Tarrasch Nürnberg 1873"]
[PlyCount "74"]
[WhiteFideId "4635230"]
[BlackFideId "4625781"]
[EventCountry "GER"]
[EventRounds "7"]
[EventType "team-swiss"]
[EventDate "2009.12.26"]

1. d4 Nf6 2. c4 g6 3. Nc3 Bg7 4. e4 d6 5. f3 O-O 6. Be3 Nc6 7. Nge2 e5 8. d5
Ne7 9. Qd2 Nd7 10. Nc1 f5 11. Bd3 f4 12. Bf2 g5 13. Bc2 Ng6 14. Nd3 h5 15. c5
g4 16. cxd6 cxd6 17. Nb5 Nh4 18. Kf1 gxf3 19. g3 Ng2 20. Nxd6 Nf6 21. Bc5 Ng4
22. Nf2 N4e3+ 23. Kg1 Rf6 24. gxf4 exf4 25. e5 Rxd6 26. Bxd6 Ne1 27. Ne4 N1xc2
28. Rc1 Qh4 29. Rxc2 Nxc2 30. Bc5 Bh3 31. Bf2 Qg4+ 32. Ng3 Bg2 33. h3 Bxh3 34.
Kh2 fxg3+ 35. Bxg3 Bg2 36. Rc1 Qh3+ 37. Kg1 Qxg3 0-1

[Event "DVM U16 2009"]
[Site "Verden/Aller GER"]
[Date "2009.12.29"]
[Round "5"]
[White "Evers, Annika"]
[Black "Sabnew, Andrej"]
[Result "1-0"]
[Termination "normal"]
[Board "6.3"]
[WhiteElo "1676"]
[BlackElo "1710"]
[WhiteTeam "Stader Schachverein"]
[BlackTeam "SC Noris-Tarrasch Nürnberg 1873"]
[PlyCount "79"]
[WhiteFideId "24691933"]
[BlackFideId "4625722"]
[EventCountry "GER"]
[EventRounds "7"]
[EventType "team-swiss"]
[EventDate "2009.12.26"]

1. e4 c5 2. Nf3 e6 3. d4 cxd4 4. Nxd4 a6 5. Nc3 Qc7 6. Be3 Nc6 7. Qd2 Nf6 8. f3
Be7 9. Be2 O-O 10. O-O-O b5 11. Nxc6 dxc6 12. Bd3 Rd8 13. Qf2 Rd7 14. Bc5 a5
15. Bxe7 Rxe7 16. Qc5 Bb7 17. e5 Nd5 18. Nxd5 exd5 19. f4 Ree8 20. Bxb5 Qe7 21.
Qxe7 Rxe7 22. Bd3 c5 23. Rhe1 c4 24. Bf1 Rb8 25. c3 Bc6 26. g3 Rc8 27. Bg2 Rd8
28. Rd4 g6 29. Red1 Red7 30. Bh3 Re7 31. Rxc4 Bb7 32. Rcd4 Kg7 33. Bg2 Red7 34.
Kb1 h5 35. c4 Bc6 36. Bxd5 Ba4 37. b3 Bc6 38. Kb2 a4 39. Kc3 axb3 40. axb3 1-0

[Event "DVM U16 2009"]
[Site "Verden/Aller GER"]
[Date "2009.12.29"]
[Round "5"]
[White "Myagkov, Kirill"]
[Black "Meyer, Christoph"]
[Result "1-0"]
[Termination "normal"]
[Board "6.4"]
[WhiteElo "1786"]
[BlackElo "1591"]
[WhiteTeam "SC Noris-Tarrasch Nürnberg 1873"]
[BlackTeam "Stader Schachverein"]
[PlyCount "59"]
[WhiteFideId "24657042"]
[BlackFideId "1270490"]
[EventCountry "GER"]
[EventRounds "7"]
[EventType "team-swiss"]
[EventDate "2009.12.26"]

1. e4 c5 2. Nc3 Nc6 3. g3 g6 4. Bg2 e6 5. f4 Nge7 6. Nf3 Bg7 7. d3 O-O 8. O-O
d5 9. e5 Bd7 10. Rb1 Rb8 11. d4 c4 12. Nb5 Nc8 13. Nc3 b5 14. h4 h5 15. Ng5
N8e7 16. g4 b4 17. Na4 hxg4 18. Nc5 Bh6 19. Qxg4 Bxg5 20. fxg5 Kg7 21. h5 gxh5
22. Qxh5 Nf5 23. Rxf5 exf5 24. Qh6+ Kg8 25. g6 fxg6 26. Qxg6+ Kh8 27. Qh6+ Kg8
28. Bxd5+ Rf7 29. Qg6+ Kh8 30. Qxf7 1-0

[Event "DVM U16 2009"]
[Site "Verden/Aller GER"]
[Date "2009.12.29"]
[Round "5"]
[White "Azizi, Nassim"]
[Black "Kremser, Michael"]
[Result "0-1"]
[Termination "normal"]
[Board "7.1"]
[WhiteElo "1706"]
[BlackElo "1910"]
[WhiteTeam "Schachfreunde 1974 Heinsberg"]
[BlackTeam "Schachgemeinschaft Porz"]
[PlyCount "38"]
[WhiteFideId "4608119"]
[BlackFideId "1270131"]
[EventCountry "GER"]
[EventRounds "7"]
[EventType "team-swiss"]
[EventDate "2009.12.26"]

1. d4 d5 2. c4 e6 3. Nc3 Nf6 4. cxd5 exd5 5. e3 c6 6. Bd3 Bd6 7. Nge2 O-O 8.
O-O Re8 9. f3 Qc7 10. h3 c5 11. Nb5 Qb6 12. Nxd6 Qxd6 13. dxc5 Qxc5 14. Nd4 Nc6
15. Nxc6 bxc6 16. Re1 a5 17. Bd2 Ba6 18. Bc3 Rxe3 19. Bd4 Rxe1+ 0-1

[Event "DVM U16 2009"]
[Site "Verden/Aller GER"]
[Date "2009.12.29"]
[Round "5"]
[White "Finke, Kai"]
[Black "Bender, Andreas"]
[Result "0-1"]
[Termination "normal"]
[Board "7.2"]
[WhiteElo "1659"]
[BlackElo "1831"]
[WhiteTeam "Schachgemeinschaft Porz"]
[BlackTeam "Schachfreunde 1974 Heinsberg"]
[PlyCount "138"]
[WhiteFideId "1270611"]
[BlackFideId "4675878"]
[EventCountry "GER"]
[EventRounds "7"]
[EventType "team-swiss"]
[EventDate "2009.12.26"]

1. e4 c5 2. Nf3 a6 3. d4 cxd4 4. Nxd4 Nf6 5. Nc3 e5 6. Nde2 Bc5 7. Be3 Bxe3 8.
fxe3 Qb6 9. Qc1 d6 10. Ng3 Be6 11. Be2 Nbd7 12. O-O O-O 13. b3 Rac8 14. Nd1 Qc6
15. Bd3 Nc5 16. Nf2 d5 17. Nf5 Qd7 18. Ng3 Qc6 19. Nf5 Qc7 20. Ng3 dxe4 21.
Nfxe4 Nfxe4 22. Nxe4 Nxe4 23. Bxe4 f5 24. Bf3 e4 25. Bd1 Qc3 26. Rb1 Rfd8 27.
Kh1 Rd2 28. Qa3 Qxe3 29. Qe7 Qb6 30. a4 Rcd8 31. h3 Qc6 32. c4 Qd7 33. Qg5 Qd6
34. Bh5 Qc7 35. Rfd1 Rxd1+ 36. Rxd1 Rxd1+ 37. Bxd1 Qd6 38. Qh5 g6 39. Qe2 f4
40. Bc2 e3 41. Be4 b6 42. Kg1 a5 43. Kf1 Qd4 44. Qf3 Qa1+ 45. Ke2 Qb2+ 46. Kf1
Qxb3 47. Bd5 Qb1+ 48. Ke2 Qc2+ 49. Kf1 Qc1+ 50. Ke2 Qd2+ 51. Kf1 Bxd5 52. cxd5
Kg7 53. d6 Qxd6 54. Qb7+ Kf6 55. Qf3 g5 56. Qh5 Qd3+ 57. Kg1 Qb1+ 58. Kh2 Qg6
59. Qf3 Ke5 60. Qe2 Qd6 61. Qh5 h6 62. Qe2 Qb4 63. Qc2 Kd4 64. Qc6 e2 65. Qf6+
Ke3 66. Qe6+ Kf2 67. Qc6 Qb3 68. h4 Qg3+ 69. Kh1 e1=Q# 0-1

[Event "DVM U16 2009"]
[Site "Verden/Aller GER"]
[Date "2009.12.29"]
[Round "5"]
[White "Salzmann, Thomas"]
[Black "Krause, Johann"]
[Result "1-0"]
[Termination "normal"]
[Board "7.3"]
[WhiteElo "1667"]
[BlackElo "1507"]
[WhiteTeam "Schachfreunde 1974 Heinsberg"]
[BlackTeam "Schachgemeinschaft Porz"]
[PlyCount "63"]
[WhiteFideId "12910104"]
[BlackFideId "1270612"]
[EventCountry "GER"]
[EventRounds "7"]
[EventType "team-swiss"]
[EventDate "2009.12.26"]

1. e4 c6 2. d4 d5 3. Nc3 dxe4 4. Nxe4 Bf5 5. Ng3 Bg6 6. h4 h5 7. N1e2 Nf6 8.
Nf4 Bh7 9. Bc4 e6 10. O-O Nbd7 11. Re1 Bg8 12. Qd3 Bh7 13. Qb3 Nd5 14. Nxd5
cxd5 15. Bxd5 Qb6 16. Bxe6 Qxb3 17. Bxb3+ Kd8 18. Bf4 Bg6 19. Re2 Be7 20. Rae1
Bxh4 21. Ne4 Re8 22. Nd6 Rxe2 23. Rxe2 f6 24. Nxb7+ Kc8 25. Nd6+ Kd8 26. Bf7
Ne5 27. dxe5 Bxf7 28. Nxf7+ Ke7 29. e6 Bg5 30. Nxg5 fxg5 31. Bxg5+ Ke8 32. c4
1-0

[Event "DVM U16 2009"]
[Site "Verden/Aller GER"]
[Date "2009.12.29"]
[Round "5"]
[White "Mehler, Simon"]
[Black "Bodden, Daniel"]
[Result "1/2-1/2"]
[Termination "normal"]
[Board "7.4"]
[WhiteElo "1483"]
[BlackElo "1359"]
[WhiteTeam "Schachgemeinschaft Porz"]
[BlackTeam "Schachfreunde 1974 Heinsberg"]
[PlyCount "76"]
[WhiteFideId "12910198"]
[BlackFideId "12910112"]
[EventCountry "GER"]
[EventRounds "7"]
[EventType "team-swiss"]
[EventDate "2009.12.26"]

1. e4 c5 2. Nf3 a6 3. d4 cxd4 4. Nxd4 Nf6 5. Nc3 e5 6. Nf3 Bb4 7. Bd2 O-O 8.
Bd3 Nc6 9. O-O d6 10. h3 Be6 11. Re1 Qc7 12. Ng5 Nd4 13. Ne2 Nxe2+ 14. Rxe2
Bxd2 15. Qxd2 Nh5 16. Nxe6 fxe6 17. Bc4 Nf4 18. Re3 Rac8 19. Bb3 Qf7 20. Rf3
Qg6 21. Rg3 Qxe4 22. Re1 Qf5 23. Qxd6 Nxh3+ 24. Kh2 Rc6 25. Qxe5 Qxe5 26. Rxe5
Nxf2 27. Bxe6+ Kh8 28. Bd5 Rxc2 29. Re7 g6 30. Rxb7 Nd1 31. Ra3 a5 32. Be4 Rxb2
33. Rd7 Nf2 34. Rf3 Rxf3 35. Bxf3 Rxa2 36. Rd8+ Kg7 37. Rd7+ Kh6 38. Kg3 Ng4 {
nicht weiter nachvollziehbar} 1/2-1/2

[Event "DVM U16 2009"]
[Site "Verden/Aller GER"]
[Date "2009.12.29"]
[Round "5"]
[White "Nguyen Minh, Thuy"]
[Black "Mao, Kevin"]
[Result "1/2-1/2"]
[Termination "normal"]
[Board "8.1"]
[WhiteElo "1915"]
[BlackElo "1706"]
[WhiteTeam "USG Chemnitz"]
[BlackTeam "SK 1980 Gernsheim"]
[PlyCount "73"]
[WhiteFideId "24672688"]
[BlackFideId "1271183"]
[EventCountry "GER"]
[EventRounds "7"]
[EventType "team-swiss"]
[EventDate "2009.12.26"]

1. e4 e5 2. Nf3 Nc6 3. Bc4 Bc5 4. d3 Nf6 5. c3 Bb6 6. O-O d6 7. Re1 O-O 8. Nbd2
Ne7 9. Nf1 Ng6 10. Ng3 c6 11. Bb3 h6 12. d4 Bg4 13. Qd3 Bxf3 14. gxf3 Qc8 15.
Nf5 Nh5 16. Qf1 Qd8 17. Qh3 Nhf4 18. Qg4 Qf6 19. Be3 Bc7 20. Kh1 Kh7 21. Rg1
Rg8 22. dxe5 dxe5 23. Rgd1 Rgd8 24. Bc4 a6 25. a4 Rxd1+ 26. Rxd1 Rd8 27. Re1
Re8 28. Ng3 Rd8 29. Bxf4 Nxf4 30. Qf5+ Qxf5 31. Nxf5 g6 32. Ne3 Kg7 33. Rd1
Rxd1+ 34. Nxd1 b5 35. Bb3 Bb6 36. axb5 axb5 37. Bc2 1/2-1/2

[Event "DVM U16 2009"]
[Site "Verden/Aller GER"]
[Date "2009.12.29"]
[Round "5"]
[White "Di Capua, Francesco Stefano"]
[Black "Schätz, Annika"]
[Result "1/2-1/2"]
[Termination "normal"]
[Board "8.2"]
[WhiteElo "1583"]
[BlackElo "1786"]
[WhiteTeam "SK 1980 Gernsheim"]
[BlackTeam "USG Chemnitz"]
[PlyCount "52"]
[WhiteFideId "24698903"]
[BlackFideId "24674796"]
[EventCountry "GER"]
[EventRounds "7"]
[EventType "team-swiss"]
[EventDate "2009.12.26"]

1. e4 c5 2. Nf3 d6 3. d4 cxd4 4. Nxd4 Nf6 5. Nc3 Nc6 6. Be2 e5 7. Ndb5 a6 8.
Na3 b5 9. Nd5 Nxd5 10. exd5 Ne7 11. c3 f5 12. Nc2 Bb7 13. Bg5 Qd7 14. Bxe7 Bxe7
15. Nb4 O-O 16. Bf3 e4 17. Be2 Rae8 18. a4 Ra8 19. axb5 axb5 20. O-O Rxa1 21.
Qxa1 f4 22. f3 Ra8 23. Qd1 e3 24. Qd4 Bg5 25. Qb6 Bd8 26. Qd4 g5 1/2-1/2